Nel Segno Di Winx - Lucia Miccinilli - Testo Completo - Statistics

Statistiche generali
  • Questo quiz è stato fatto 204 volte
  • Il punteggio medio è 108 su 135
Statistiche sulle risposte
Risposta % Corretto
Winx,
100%
Winx
100%
tu
95%
un
95%
noi
94%
di
93%
e
93%
è
93%
la
93%
mano
93%
mia,
93%
mia
93%
nel
93%
Se
92%
una
92%
ci
91%
lo
91%
nella
91%
sarai,
91%
tua
91%
vuoi,
91%
darà
90%
forza
88%
insieme
88%
più
88%
le
81%
Le
81%
il
80%
vinceremo
78%
magica,
77%
magica
77%
stelle
77%
cielo
74%
magia
74%
luce
73%
luce,
73%
Tra
72%
tra
72%
Notte
71%
segno
70%
Con
68%
sguardo
68%
ancora
66%
per
66%
Uno
66%
ali
65%
sotto
64%
sei
63%
fantasia
61%
sorriso
61%
mie
60%
Su
59%
io
58%
vita
58%
che
56%
me
56%
nuvola
56%
volo
56%
raggio
55%
coloro
53%
inizierà
51%
gioco
50%
sfida
50%
tempo
50%
voleremo
48%
Solo
45%
s'illumina
43%
fuoco
42%
gesto
41%
Nessun quiz corrispondente trovato
Distribuzione punteggi
Percentuale di utenti per punteggio
Percentile per numero di risposta
I tuoi punteggi nel tempo
Non hai fatto questo quiz